Statistics for Country Logic Puzzle

Click here to take the quiz!

General Stats

  • This quiz has been taken 1,407 times
  • The average score is 20 of 29

Answer Stats

Cell Country % Correct
C1★ China ★ Suriname
is in F4. Spain is below
one of its bordering countries.
100%
F4★ Suriname ★ A unique
continent defines each
row, and each row only
contains countries
on that continent.
96%
C4★ Brazil ★ Find
Morocco at A2
and Iceland at B3.
91%
A2★Morocco★ Canada is
adjacent to Brazil.
91%
B3★ Iceland ★ Every 4
letter country from the
Americas is in this quiz.
90%
C5★ United States ★ Every
country in Column B
(except for B4) is an island.
86%
C3★ Russia ★ Two
'United' countries
are in Column D.
84%
D5★ Canada ★ 2 one
syllable countries are
in row 3; they share a border.
76%
A3★ Spain ★ All South
American countries
appear in alphabetical order.
76%
C2★ Nigeria ★ There are
exactly two countries
in this row that start with M.
76%
A4★ Argentina ★ Estonia
can be found in column E
73%
D3★ United Kingdom ★
Each column has just 1
country that begins with
the letter of its column.
72%
E3★ Estonia ★ There is a
3-syllable country in F5.
71%
B2★ Madagascar ★
Panama is in the same
column as Togo.
69%
B4★ Bolivia ★ If
Guatemala is in this quiz,
then so is Madagascar.
68%
D4★ Chile ★ Mexico is
in the same diagonal
line as Kyrgyzstan.
66%
D1★ United Arab
Emirates ★ Three
countries in Row 5 have
a capital that
ends with 'City'.
64%
A5★ Mexico ★ The only 'O'
country can be found in F1
64%
B5★ Cuba ★ The only
1-syllable country starting
with S is in this quiz, but
is not adjacent to Suriname
63%
F5★ Panama ★
60%
E4★ Peru ★ Two of the
three 4-letter African
countries are in this quiz.
60%
F3★ France ★ The southern-
most country is in D4.
58%
B1★ Taiwan ★
58%
F1★ Oman ★ The island
in B1 is off the coast
of China.
57%
F2★ Togo ★
56%
E5★ Guatemala ★
52%
E1★ Kyrgyzstan ★
There are exactly
two 2-word countries.
52%
D2★ Djibouti ★ Column
E's countries
have capitals with
unique initial letters
37%
E2★ Chad ★
37%

Score Distribution

Percentile by Number Answered

Percent of People with Each Score

Your Score History

You have not taken this quiz